| 000 | 01374cam a22003973a 4500 | ||
|---|---|---|---|
| 001 | 13682291 | ||
| 003 | OSt | ||
| 005 | 20140310184417.0 | ||
| 008 | 031117s2003 nyu c 000 1 eng d | ||
| 010 | _a 2004596390 | ||
| 020 | _a0439425085 (pbk.) | ||
| 035 | _a(OCoLC)ocm53447096 | ||
| 040 |
_aUPZ _cUPZ _dOCLCQ _dDLC |
||
| 042 | _alccopycat | ||
| 050 | 0 | 0 |
_aPZ 7 _b.B872Dh 2003 |
| 100 | 1 |
_aBrooke, Lauren. _922844 |
|
| 245 | 1 | 0 |
_aDarkest hour / _cby Lauren Brooke. |
| 260 |
_aNew York, NY : _bScholastic, _c2003. |
||
| 300 |
_a152 p. ; _c20 cm. |
||
| 490 | 1 |
_aHeartland ; _v13 |
|
| 500 | _a"Healing horses, healing hearts ..."--Cover. | ||
| 520 | _aAn equine flu is infecting Heartland's horses despite Amy and Ty's best efforts to control the spread of the infectious sickness. | ||
| 521 | 1 | _aG4 | |
| 526 | _c600 | ||
| 541 | _j1 | ||
| 562 | _eFor circulation. 1 copy available in the collection | ||
| 650 | 0 |
_aHorses _vJuvenile fiction. _926461 |
|
| 650 | 0 |
_aHorses _vFiction. _926462 |
|
| 655 | 7 |
_aChildren's stories. _2lcsh _93012 |
|
| 800 | 1 |
_aBrooke, Lauren. _tHeartland ; _v13. _926463 |
|
| 856 | 4 | 2 |
_3Publisher description _uhttp://www.loc.gov/catdir/description/schol051/2004596390.html |
| 906 |
_a7 _bcbc _ccopycat _d2 _encip _f20 _gy-genrareb |
||
| 942 |
_2lcc _cBK-SCHOLAS |
||
| 999 |
_c34170 _d34170 |
||